000 00509nam a2200169Ia 4500
008 090123s9999 xx 000 0 und d
082 _b8145
100 _aखांबेटे द.पा.
245 _aबायकांचं गुपित
250 _a1
300 _a212
600 _aखांबेटे द.पा.
630 _aबायकांचं गुपित
700 _aखांबेटे द.पा.
730 _aबायकांचं गुपित
942 _cBOOK
999 _c46211
_d46211